000 00620nam a2200205Ia 4500
005 20250508154822.0
008 008 250505s9999 xx 000 0 eng d
037 _aTextual
040 _aFEDL
_beng
_cFEDL
041 _aeng
_2eng
084 _a157.9, MAY
_qFEDL
100 _aMay Rollo Ed.
_986517
245 0 _aExistence : A ne diension in psychiatry and psychology
260 _aNew York, USA
_bBasic Books
_c1958
300 _aix,445p.
650 _aAbnormal Psychology
700 _a Angel Ernest Ed. Ellenberger Henri F. Ed.
_9766172
942 _cTEXL
_h157.9, MAY
999 _c1352295
_d1352295